000
00288nam a2200121Ia 4500
008
191201s2007 xx 000 0 und d
100
_a
Business Week
245
0
_a
Leadership Power Plays
260
_a
N.Delhi
_b
Tata Mc Graw Hill
_c
2007
300
_a
195
650
_a
MBA
942
_2
ddc
_c
BK
999
_c
3286
_d
3286